Catálogo de la Biblioteca Horacio González - Universidad Nacional de General Sarmiento

Rey Lear = King Lear (Registro nro. 54575)

Detalles MARC
000 -CABECERA
campo de control de longitud fija 00870ngm a22002650a 4500
001 - NÚMERO DE CONTROL
campo de control PT19547
003 - IDENTIFICADOR DEL NÚMERO DE CONTROL
campo de control AR-LpoUNG
005 - FECHA Y HORA DE LA ÚLTIMA TRANSACCIÓN
campo de control 20210202000313.0
007 - CAMPO FIJO DE DESCRIPCIÓN FÍSICA--INFORMACIÓN GENERAL
campo de control de longitud fija vd cvaizq
008 - DATOS DE LONGITUD FIJA--INFORMACIÓN GENERAL
campo de control de longitud fija 191001suuuu||||ag |||||||||||||||||eng d
037 ## - FUENTE DE ADQUISICIÓN
Condiciones de disponibilidad $13,3
040 ## - FUENTE DE LA CATALOGACIÓN
Centro catalogador/agencia de origen AR-LpoUNG
Lengua de catalogación spa
Centro/agencia transcriptor AR-LpoUNG
Normas de descripción aacr
041 ## - CÓDIGO DE LENGUA
Código de lengua del texto/banda sonora o título independiente eng
082 0# - NÚMERO DE LA CLASIFICACIÓN DECIMAL DEWEY
Número de clasificación 822.33 42rey
100 1# - ENTRADA PRINCIPAL--NOMBRE DE PERSONA
Nombre de persona Elliott, Michael
245 10 - MENCIÓN DE TÍTULO
Título Rey Lear = King Lear
260 ## - PUBLICACIÓN, DISTRIBUCIÓN, ETC.
Lugar de publicación, distribución, etc. s.l.
Nombre del editor, distribuidor, etc. s.e.
Fecha de publicación, distribución, etc. s.f.
300 ## - DESCRIPCIÓN FÍSICA
Extensión VHS (158 min.) : son., col.
520 ## - SUMARIO, ETC.
Sumario, etc. El rey Lear, pensando que evitaría las luchas fratícidas por la sucesión del poder decidió dividir el reino en vida entre sus hijas mujeres. Pero todo lo que conseguirá es la ingratitud, la envidia y el rencor de todos los que lo rodean.
653 ## - TÉRMINO DE INDIZACIÓN--NO CONTROLADO
Término no controlado SHAKESPEARE, WILLIAM
653 ## - TÉRMINO DE INDIZACIÓN--NO CONTROLADO
Término no controlado VIDEOS
700 1# - PUNTO DE ACCESO ADICIONAL--NOMBRE DE PERSONA
Nombre de persona Plowright, David
Término indicativo de función/relación prod.
905 ## - ELEMENTOS DE DATOS E LOCAL, LDE (RLIN)
a 19547
942 ## - ELEMENTOS DE PUNTO DE ACCESO ADICIONAL (KOHA)
Tipo de ítem Koha Video
Existencias
Estado de retiro Estado de pérdida Estado dañado No para préstamo Código de colección Localización permanente Ubicación/localización actual Fecha de adquisición Total de préstamos Signatura topográfica completa Código de barras Fecha visto por última vez Precio válido a partir de Tipo de ítem Koha
        Colección Cine Biblioteca Universidad Nacional de General Sarmiento Biblioteca Universidad Nacional de General Sarmiento 02/02/2021   822.33 42rey 00021224 02/02/2021 02/02/2021 Video